Mitch Albom's Tuesdays with Morrie / (Record no. 33046)
[ view plain ]
| 000 -LEADER | |
|---|---|
| fixed length control field | 00925cam a22002777a 4500 |
| 001 - CONTROL NUMBER | |
| control field | 16482170 |
| 003 - CONTROL NUMBER IDENTIFIER | |
| control field | OSt |
| 005 - DATE AND TIME OF LATEST TRANSACTION | |
| control field | 20170105113101.0 |
| 008 - FIXED-LENGTH DATA ELEMENTS--GENERAL INFORMATION | |
| fixed length control field | 100929s2008 nyua 000 d eng d |
| 010 ## - LIBRARY OF CONGRESS CONTROL NUMBER | |
| LC control number | 2010283045 |
| 020 ## - INTERNATIONAL STANDARD BOOK NUMBER | |
| International Standard Book Number | 9780822221883 (pbk.) |
| 035 ## - SYSTEM CONTROL NUMBER | |
| System control number | (OCoLC)ocn231631211 |
| 040 ## - CATALOGING SOURCE | |
| Original cataloging agency | OKU |
| Transcribing agency | OKU |
| Modifying agency | IMF |
| -- | YDXCP |
| -- | BAKER |
| -- | BTCTA |
| -- | CDX |
| -- | WAU |
| -- | CPE |
| -- | DLC |
| 042 ## - AUTHENTICATION CODE | |
| Authentication code | lccopycat |
| 050 00 - LIBRARY OF CONGRESS CALL NUMBER | |
| Classification number | MLCS 2011/40415 (P) |
| 100 1# - MAIN ENTRY--PERSONAL NAME | |
| Personal name | Hatcher, Jeffrey, |
| Dates associated with a name | 1957- |
| 245 10 - TITLE STATEMENT | |
| Title | Mitch Albom's Tuesdays with Morrie / |
| Statement of responsibility, etc. | by Jeffrey Hatcher and Mitch Albom. |
| 246 30 - VARYING FORM OF TITLE | |
| Title proper/short title | Tuesdays with Morrie |
| 260 ## - PUBLICATION, DISTRIBUTION, ETC. | |
| Place of publication, distribution, etc. | New York : |
| Name of publisher, distributor, etc. | Dramatists Play Service, |
| Date of publication, distribution, etc. | c2008. |
| 300 ## - PHYSICAL DESCRIPTION | |
| Extent | 43 p. : |
| Other physical details | ill. ; |
| Dimensions | 20 cm. |
| 500 ## - GENERAL NOTE | |
| General note | "Based on the book by Mitch Albom." |
| 700 1# - ADDED ENTRY--PERSONAL NAME | |
| Personal name | Albom, Mitch, |
| Dates associated with a name | 1958- |
| 906 ## - LOCAL DATA ELEMENT F, LDF (RLIN) | |
| a | 7 |
| b | cbc |
| c | copycat |
| d | 4 |
| e | ncip |
| f | 20 |
| g | y-gencatlg |
| 942 ## - ADDED ENTRY ELEMENTS (KOHA) | |
| Source of classification or shelving scheme | |
| Koha item type | Book |
| Withdrawn status | Lost status | Source of classification or shelving scheme | Damaged status | Not for loan | Permanent Location | Current Location | Date acquired | Total Checkouts | Full call number | Barcode | Date last seen | Price effective from | Koha item type |
|---|---|---|---|---|---|---|---|---|---|---|---|---|---|
| School of Mechanical & Manufacturing Engineering (SMME) | School of Mechanical & Manufacturing Engineering (SMME) | 12/18/2015 | 973.920922 ALB | SMME-2129 | 04/03/2018 | 12/18/2015 | Book |
